000 00706pam a2200253 a 4500
001 2502809
005 20171220092921.0
008 920108s1992 enkb b 001 0 eng c
010 _a 92003951
020 _a0849377374
040 _aDNLM/DLC
_cDLC
_dDLC
041 _aeng
060 _aWT 500 F755h
080 _a616.98 FOS
082 0 0 _a616.98 FOS
_220
100 1 _a3
101 _aSHM
245 1 0 _aHealth, disease & the environment /
_cHarold D. Foster.
504 _aIncludes bibliographical references and index.
740 0 _aHealth, disease, and the environment.
906 _a7
_bcbc
_corignew
_d1
_eocip
_f19
_gy-gencatlg
942 _2ddc
_cBK
999 _c39249
_d39249